Gaming Quiz

Random Gaming or Nintendo Quiz

Clickable Generation 1 Pokémon Quiz Stats

 Plays Quiz Updated Jun 15, 2017

Challenge
Share
Tweet
Embed
Score 0/151 Timer 05:00
30 Plays Today
% Correct
Bulbasaur
86.4%
Charmander
86.3%
Squirtle
86.2%
Pikachu
86.2%
Charizard
86%
Meowth
85.7%
Jigglypuff
85.7%
Psyduck
85.7%
Venusaur
85.6%
Snorlax
85.6%
Pidgey
85.6%
Ivysaur
85.6%
Charmeleon
85.6%
Pidgeot
85.5%
Magikarp
85.5%
Nidoran♀
85.4%
Eevee
85.3%
Blastoise
85.3%
Pidgeotto
85.3%
Caterpie
85.2%
Nidoran♂
85.2%
Onix
85.1%
Wartortle
85.1%
Rattata
85.1%
Diglett
85.1%
Butterfree
85%
Abra
85%
Geodude
85%
Zubat
84.9%
Weedle
84.9%
Beedrill
84.9%
Vulpix
84.8%
Slowpoke
84.8%
Alakazam
84.8%
Spearow
84.7%
Metapod
84.7%
Raichu
84.7%
Machop
84.7%
Gastly
84.6%
Mewtwo
84.6%
Tentacool
84.5%
Sandshrew
84.5%
Nidoqueen
84.5%
Poliwhirl
84.4%
Mew
84.4%
Machamp
84.4%
Bellsprout
84.4%
Nidorino
84.4%
Oddish
84.4%
Dragonite
84.4%
Golduck
84.4%
% Correct
Ditto
84.4%
Nidorina
84.3%
Gyarados
84.3%
Voltorb
84.3%
Nidoking
84.3%
Poliwag
84.3%
Goldeen
84.3%
Vaporeon
84.3%
Kadabra
84.1%
Koffing
84.1%
Clefairy
84.1%
Growlithe
84.1%
Tentacruel
84.1%
Weezing
84.1%
Ninetales
84.1%
Machoke
84%
Mr. Mime
84%
Raticate
84%
Ponyta
84%
Exeggcute
84%
Jolteon
84%
Drowzee
83.9%
Sandslash
83.9%
Jynx
83.9%
Rapidash
83.9%
Mankey
83.8%
Ekans
83.8%
Poliwrath
83.7%
Staryu
83.7%
Exeggutor
83.7%
Cubone
83.7%
Dugtrio
83.7%
Magnemite
83.6%
Flareon
83.6%
Golbat
83.6%
Starmie
83.5%
Arbok
83.5%
Slowbro
83.4%
Arcanine
83.4%
Venomoth
83.4%
Doduo
83.4%
Gengar
83.4%
Horsea
83.3%
Fearow
83.3%
Hitmonchan
83.3%
Rhyhorn
83.2%
Lapras
83.2%
Zapdos
83.2%
Hitmonlee
83.2%
Dragonair
83.2%
Haunter
83.2%
% Correct
Gloom
83%
Rhydon
82.9%
Scyther
82.9%
Hypno
82.8%
Graveler
82.7%
Krabby
82.7%
Weepinbell
82.6%
Muk
82.6%
Dratini
82.5%
Dodrio
82.5%
Grimer
82.1%
Paras
82.1%
Aerodactyl
82%
Chansey
82%
Venonat
81.8%
Persian
81.7%
Primeape
81.7%
Kakuna
81.7%
Magmar
81.7%
Electabuzz
81.7%
Articuno
81.7%
Tauros
81.7%
Golem
81.7%
Farfetch'd
81.6%
Vileplume
81.5%
Electrode
81.5%
Kangaskhan
81.5%
Parasect
81.3%
Cloyster
81.3%
Lickitung
81.3%
Wigglytuff
81.2%
Moltres
81.2%
Victreebel
81.2%
Seaking
81.2%
Pinsir
80.9%
Tangela
80.7%
Porygon
80.6%
Seel
80.5%
Marowak
80.5%
Kabuto
80.4%
Dewgong
80.3%
Clefable
80%
Kabutops
79.8%
Magneton
79.7%
Kingler
79.7%
Shellder
79.3%
Seadra
79.2%
Omanyte
78.3%
Omastar
76.4%

You're not logged in!

Compare scores with friends on all Sporcle quizzes.
Join for Free
OR
Log In

You Might Also Like...

Show Comments

Extras

Top Quizzes Today


Score Distribution

Your Account Isn't Verified!

In order to create a playlist on Sporcle, you need to verify the email address you used during registration. Go to your Sporcle Settings to finish the process.

Report this User

Report this user for behavior that violates our Community Guidelines.

Details: